00615nam a2200181Ia 4500008004100000020001500041041001200056082001600068100001900084245007900103250000800182260002500190300000800215650002100223942000700244999001500251952016700266221030s9999 xx 000 0 und d a0070473552 aEnglish a105.23bKha aR. S. Khandpur 0aHandbook of Biomedical Instrumentation ( DEPARTMENTAL )cby R. S. Khandpur a2nd bTMHaNew Delhic2003 a924 aECE Departmental cBK c3541d3541 pBE 7211g475.00l0o105.23 Khar2022-10-30 00:00:00w2022-10-30yBK003Print4070aMIETLIBbMIETLIBcBL-Departmental, FL-1, CUP-10, SH-1, R-1d2003-10-1410HBE